00975cam a22002414a 4500020001500000020002100015040000800036082002600044100001800070245006500088260006400153300002700217650002000244650002100264650002600285856006100311856006500372856005700437856006800494942000700562999001700569952014700586 a0521470374 a0521469945 (pb.) cDLC00a320 CAM 2001 A069 Or.1 aCarter, Neil,14aThe politics of the environment :bideas, activism, policy / aCambridge ;aNew York :bCambridge University Press,c2001. axix, 361 p. ;c26 cm. 0aGreen movement. 0aEnvironmentalism 0aEnvironmental policy.41uhttp://www.loc.gov/catdir/samples/cam031/2001035638.html42uhttp://www.loc.gov/catdir/description/cam021/2001035638.html41uhttp://www.loc.gov/catdir/toc/cam021/2001035638.html42uhttp://www.loc.gov/catdir/enhancements/fy0731/2001035638-b.html cEK c14655d14655 0010406320_000000000000000_CAM_2001_A069_OR70967037aLBAbLBAcA069d2017-10-24o320 CAM 2001 A069 Or.pA06566r2017-10-24w2017-10-24yEK